Návrh využitia informačných technológií pre potreby zabezpečenia komunikácie stredných firiem bakalárska práca

Saved in:
Bibliographic Details
Main Author: Morávek, Lukáš
Corporate Author: Fakulta hospodárskej informatiky EU. Katedra aplikovanej informatiky
Other Authors: Hlaváč, Július
Format: Book
Language:Slovak
Published: Bratislava 2011
Tags: Add Tag
No Tags, Be the first to tag this record!

MARC

LEADER 00000nbm a2200000 4500
001 0141344
005 20161109111751.0
041 0 |a slo 
044 |a SK 
245 1 0 |a Návrh využitia informačných technológií pre potreby zabezpečenia komunikácie stredných firiem  |b bakalárska práca  |c Lukáš Morávek ; školiteľ: Július Hlaváč 
264 1 |a Bratislava  |c 2011 
300 |a 41 s. 
100 1 |a Morávek, Lukáš 
700 1 |a Hlaváč, Július 
710 2 |a Fakulta hospodárskej informatiky EU. Katedra aplikovanej informatiky